000 00385 a2200157 4500
001 190208
020 _a978-85-7962-132-1
040 _cMagnum
100 _aTorero, José Roberto
240 1 0 _aOs oito pares de sapatos de cinderela
_lpor
245 1 0 _aOs oito pares de sapatos de cinderela
300 _a
362 0 _a2012
697 _aLITERATURA INFANTO-JUVENIL
942 _cBK
999 _c190208
_d190208